Návrh energetického systému s využitím energie prostredia

Na minha lista:
Detalhes bibliográficos
Autor principal: Gavroň, Milan, 1986- (Author)
Outros Autores: Petráš, Dušan, 1956- (Thesis advisor)
Formato: Manuscrito Livro
Idioma:eslovaco
Publicado em: Bratislava : STU v Bratislave SvF, 2011
Assuntos:
Acesso em linha:VAIS
Tags: Adicionar Tag
Sem tags, seja o primeiro a adicionar uma tag!

MARC

LEADER 00000ntm a22000003a 4500
001 stu230162
005 20150617230138.9
008 110708s2011----xo------------------slo-d
040 |a STU  |b slo 
041 0 |a slo 
044 |a xo 
100 1 |a Gavroň, Milan,  |d 1986-  |4 aut  |u V  |T SvF Stavebná fakulta  |X 27381  |U V  |Y 10  |7 A000027381 
242 0 0 |a Design of energy system using renewable energy  |y eng 
245 1 |a Návrh energetického systému s využitím energie prostredia 
260 |a Bratislava :  |b STU v Bratislave SvF,  |c 2011 
650 7 |a technické zariadenia budov  |2 stusub 
650 7 |a Building Services  |2 estusub 
650 7 |a heat pump  |2 estusub 
650 7 |a tepelné čerpadlo  |2 stusub 
700 1 |a Petráš, Dušan,  |d 1956-  |4 ths  |u V290  |U SvF Stavebná fakulta  |T SvF Katedra technických zariadení budov  |X 749  |U V290  |Y 31  |7 A000000749 
856 4 |a info a plný text  |u http://is.stuba.sk/zp/portal_zp.pl?podrobnosti=68841  |3 VAIS